000 00462pab a2200169 454500
008 180718b2010 xxu||||| |||| 00| 0 eng d
100 _aRogers, Ellen
245 _aThinking harder about outcomes for collaborative governance arrangements
260 _c2010
300 _ap.546-567.
362 _aSep
650 _aPublic administration
700 _aWeber, Edward P.
773 _aAmerican Review of Public Administration
908 _aN
909 _a90229
999 _c90229
_d90229